000 00763 a2200205 4500
003 UA-OsUOA
005 20260507162804.0
008 260507b un ||||| |||| 00| 0 ukr d
040 _aUA-OsUOA
_beng
_cUA-OsUOA
_dUA-OsUOA
041 _aeng
080 _a94(477).152
090 _a94(477).152
_bS91
245 _aSUS
_bThe Ukrainian Self-Reliance League and Its Constituent and Affiliated Organizations
_ccompiled and edited by Natalia Aponiuk
260 _bUkrainian Self-Reliance League
_bSoiuz Ukraїntsiv Samostiinykiv
_c2017
300 _a450 p.
650 _2UDC
_a94(477) Історія України
_91446
942 _cBK
_2udc
955 _a4
999 _c580665
_d580665